Daily Capital City Riddle #167 - Statistics

General Stats
  • This quiz has been taken 25 times
  • The average score is 27 of 36
Answer Stats
Type Answer % Correct
Found Letter A
100%
Found Letter N
100%
Alphabet Letter O
100%
Alphabet Letter R
100%
Alphabet Letter S
100%
Alphabet Letter T
100%
Found Letter D
95%
Alphabet Letter E
95%
Found Letter I
95%
Alphabet Letter M
95%
Alphabet Letter U
95%
Correctly Placed Letter A
90%
Alphabet Letter B
90%
Alphabet Letter G
86%
Alphabet Letter K
86%
Alphabet Letter L
86%
Alphabet Letter C
81%
Alphabet Letter H
81%
Found Letter P
81%
Alphabet Letter V
81%
Correctly Placed Letter A
76%
Found Letter W
76%
Alphabet Letter J
71%
Found Letter Y
71%
Alphabet Letter X
67%
Correctly Placed Letter I
62%
Correctly Placed Letter D
52%
Alphabet Letter F
52%
Alphabet Letter Q
52%
Alphabet Letter Z
52%
Correctly Placed Letter Y
48%
Correctly Placed Letter N
43%
Mystery Capital Naypyidaw
38%
Correctly Placed Letter P
38%
Correctly Placed Letter W
38%
Correctly Placed Letter Y
38%
No matching quizzes found
Score Distribution
Percent of People with Each Score
Percentile by Number Answered
Your Score History
You have not taken this quiz